| 000 -ლიდერი |
| ფიქსირებული სიგრძის საკონტროლო ველი |
01096nam a2200253Ia 4500 |
| 001 - საკონტროლო ნომერი |
| საკონტროლო ველი |
6223 |
| 003 - საკონტროლო ნომრის იდენტიფიკატორი |
| საკონტროლო ველი |
GE_BSU |
| 005 - ბოლო ოპერაციის თარიღი და დრო |
| საკონტროლო ველი |
20200226163406.0 |
| 008 - ფიქსირებული სიგრძის მონაცემთა ელემენტები - ზოგადი ინფორმაცია |
| ფიქსირებული სიგრძის საკონტროლო ველი |
181216s ge xx |||||||||||||| ||geo|| |
| 020 ## - წიგნის საერთაშორისო სტანდარტული ნომერი |
| International Standard Book Number |
9789941145155 |
| 040 ## - კატალოგიზაციის წყარო |
| Transcribing agency |
GE_BSU |
| 041 ## - ენის კოდი |
| Language code of text/sound track or separate title |
geo |
| 080 ## - უნივერსალური ათობითი კლასიფიკაციის ინდექსი |
| Universal Decimal Classification number |
622.242.2 ვ-21 |
| 100 ## - მთავარი ჩანაწერი - პიროვნების სახელი |
| Personal name |
ვარშალომოძე, გ. |
| 9 (RLIN) |
7515 |
| 245 ## - ცნობა სათაურის შესახებ |
| Title |
საბურღი და ნავთობსარეწაო დანადგარ-მოწყობილობები / |
| Statement of responsibility, etc |
გ. ვარშალომოძე ; თ. ტურაშვილი. |
| 264 ## - წარმოების, გამოცემის, დისტრიბუციის და სხვა ცნობები |
| გამოცემის, წარმოების, დისტრიბუციის... ადგილი |
თბილისი : |
| გამოცემის, წარმოების, დისტრიბუციის... სახელწოდება |
ტექნიკური უნივერსიტეტი, |
| გამოცემის, წარმოების, დისტრიბუციის... თარიღი |
2009. |
| 300 ## - ფიზიკური აღწერა |
| Extent |
437 გვ.: |
| Dimensions |
21 სმ. |
| 300 ## - ფიზიკური აღწერა |
| Accompanying material |
დანართი გვ.422 |
| 500 ## - ზოგადი შენიშვნა |
| General note |
დანართი გვ.422 |
| 653 ## - INDEX TERM--UNCONTROLLED |
| Uncontrolled term |
საბურღი და ნავთობსარეწაო დანადგარ-მოწყობილობები. |
| 653 ## - INDEX TERM--UNCONTROLLED |
| Uncontrolled term |
ტექნიკა |
| 700 ## - ADDED ENTRY--PERSONAL NAME |
| Personal name |
ტურაშვილი, თ |
| 9 (RLIN) |
7516 |
| 942 ## - ADDED ENTRY ELEMENTS (KOHA) |
| Koha item type |
წიგნი |
| Source of classification or shelving scheme |
|